000 01326nam a22003017a 4500
001 4810
003 FISKH
005 20241016110703.0
008 241016b cb ||||| |||| 00| 0 eng d
020 _a9780194790567
040 _aFISKH
_beng
_cFISKH
_dFISKH
050 _aPE1126.A4
082 _a428
100 _aVicary, Tim
245 _aDead in the Freezer /
_cby Tim Vicary
250 _aFirst published in Oxford Bookworms 1997
260 _aNew York :
_bOxford University Press ;
_c2008 .
300 _a56 pages :
_billustrations ;
_c21 cm .
490 _aOxford Bookworms
_v2
505 _aJ
520 _a"Ellen Shore's family is an ordinary American family, and Ellen is six years old when her brother Al is born. Her parents are very pleased to have a son, but Ellen is not pleased, because now baby Al comes first. And when they are adults, Al still comes first. He begins a rock band and makes records. Soon he is rich and famous - very rich, but he gives nothing to his sister Ellen. She has a difficult life, with three young kids and very little money. And she learns to hate her rich, famous, unkind brother ...
521 8 _a480
_bLexile
521 8 _aJ
_bRaz-Plus
650 _acrime
_vmystery
700 _aDickison, Paul
_eillustrator
942 _2ddc
_cBK
_n0
999 _c4810
_d4810